[Event "Hastings Challengers 9596"]
[Site "Hastings"]
[Date "1995.??.??"]
[Round "5"]
[White "Jaksland, Tim"]
[Black "Avni, Amatzia"]
[Result "1/2-1/2"]
[WhiteElo "2240"]
[BlackElo "2360"]
[PlyCount "119"]
[EventDate "1995.12.??"]
[EventType "swiss"]
[EventRounds "11"]
[EventCountry "ENG"]
[SourceTitle "CBM 050 Extra"]
[Source "ChessBase"]
[SourceDate "1996.03.01"]
[SourceVersion "1"]
[SourceVersionDate "1996.03.01"]
[SourceQuality "1"]

1. e4 c5 2. Nf3 a6 3. c3 e6 4. d4 b5 5. Bd3 Bb7 6. 0-0 Nf6 7. Re1 Be7 8. a4 cxd4 9. cxd4 b4 10. Nbd2 0-0 11. Nf1 Nc6 12. h3 Na5 13. Ng3 Rc8 14. Bg5 Ne8 15. Bxe7 Qxe7 16. Qe2 Nd6 17. Nd2 Qg5 18. e5 Nf5 19. Nde4 Nxg3 20. fxg3 Bxe4 21. Qxe4 g6 22. Bxa6 Rc7 23. Kh2 d5 24. exd6 Rc6 25. Bb5 Rxd6 26. d5 Rxd5 27. Qxb4 Qd8 28. Re2 Qb6 29. Qc3 Nb7 30. Bc4 Rc5 31. b4 Rc7 32. Qb3 Qd4 33. Rc1 Rb8 34. Rec2 Na5 35. Qa2 Rxb4 36. Bxe6 Rxa4 37. Bxf7+ Rxf7 38. Qe6 Qe4 39. Qc8+ Rf8 40. Qd7 Rc4 41. Rxc4 Nxc4 42. Qa4 Rc8 43. Qb4 Qe6 44. Qb3 Qf7 45. Qc3 h6 46. Rc2 Kh7 47. Rc1 Qe6 48. Qb3 Rc7 49. Rc2 h5 50. Rc1 Qe4 51. Qc3 Qf5 52. Qxc4 Rxc4 53. Rxc4 g5 54. h4 gxh4 55. Rxh4 Kg6 56. Rf4 Qe5 57. Rh4 Qe3 58. Rf4 Kg5 59. Rh4 Kf5 60. Rf4+ 1/2-1/2

[Event "Hastings Challengers 9596"]
[Site "Hastings"]
[Date "1995.??.??"]
[Round "9"]
[White "Kelly, Brian"]
[Black "Avni, Amatzia"]
[Result "1/2-1/2"]
[WhiteElo "2300"]
[BlackElo "2360"]
[PlyCount "74"]
[EventDate "1995.12.??"]
[EventType "swiss"]
[EventRounds "11"]
[EventCountry "ENG"]
[SourceTitle "CBM 050 Extra"]
[Source "ChessBase"]
[SourceDate "1996.03.01"]
[SourceVersion "1"]
[SourceVersionDate "1996.03.01"]
[SourceQuality "1"]

1. c4 b6 2. Nf3 Bb7 3. Nc3 e6 4. Qc2 Nf6 5. e4 c5 6. d4 cxd4 7. Nxd4 Bc5 8. Nb3 Bb4 9. f3 Nc6 10. Be3 0-0 11. a3 Be7 12. Be2 Rc8 13. Rd1 Ne5 14. Nb5 Ba6 15. Nxa7 Rxc4 16. Bxc4 Nxc4 17. Nc6 Nxe3 18. Qc1 Nxg2+ 19. Kf2 Qe8 20. Nxe7+ Qxe7 21. Kxg2 d5 22. e5 Nh5 23. Rhe1 f6 24. Qe3 fxe5 25. Qxe5 Qf7 26. Nd4 Nf4+ 27. Kh1 Nd3 28. Rxd3 Bxd3 29. Qxe6 Qxe6 30. Rxe6 Rf4 31. Nb3 Bf5 32. Rxb6 Bh3 33. Kg1 Rxf3 34. Nd2 Rd3 35. Nb3 Rf3 36. Nd2 Rd3 37. Nb3 Rf3 1/2-1/2

[Event "ISR-ch"]
[Site "Ramat Gan"]
[Date "1992.??.??"]
[Round "2"]
[White "Avni, Amatzia"]
[Black "Gruenfeld, Yehuda"]
[Result "0-1"]
[WhiteElo "2370"]
[BlackElo "2510"]
[PlyCount "72"]
[EventDate "1992.??.??"]
[EventType "swiss"]
[EventRounds "11"]
[EventCountry "ISR"]
[SourceTitle "TD"]
[Source "ChessBase"]
[SourceDate "1994.03.01"]
[SourceVersion "1"]
[SourceVersionDate "1994.03.01"]
[SourceQuality "1"]

1. d4 Nf6 2. Nf3 b6 3. e3 e6 4. Bd3 Bb7 5. c4 d5 6. Nc3 Bd6 7. Qc2 0-0 8. e4 dxe4 9. Nxe4 Bb4+ 10. Ke2 Nbd7 11. Rd1 Be7 12. Kf1 Qc8 13. b3 Nxe4 14. Bxe4 Nf6 15. Bxb7 Qxb7 16. Re1 a5 17. Bd2 Bb4 18. Re5 Bxd2 19. Qxd2 h6 20. Qf4 c6 21. g4 Nd7 22. Rh5 f6 23. Re1 Rae8 24. Re3 Rf7 25. Nd2 e5 26. Qf3 Qc7 27. Qf5 Nf8 28. Rhh3 Rd8 29. Rd3 exd4 30. c5 bxc5 31. Qxc5 Ne6 32. Qc4 Nf4 33. Ne4 Nxh3 34. Rxh3 Qe5 35. Nc5 Re8 36. Rd3 Qxh2 0-1

[Event "ISR-ch"]
[Site "Ramat Gan"]
[Date "1992.??.??"]
[Round "11"]
[White "Avni, Amatzia"]
[Black "Porper, Edward"]
[Result "1/2-1/2"]
[WhiteElo "2370"]
[BlackElo "2395"]
[PlyCount "82"]
[EventDate "1992.??.??"]
[EventType "swiss"]
[EventRounds "11"]
[EventCountry "ISR"]
[SourceTitle "TD"]
[Source "ChessBase"]
[SourceDate "1994.03.01"]
[SourceVersion "1"]
[SourceVersionDate "1994.03.01"]
[SourceQuality "1"]

1. d4 Nf6 2. Nf3 c6 3. c4 d5 4. e3 a6 5. Nc3 b5 6. cxd5 cxd5 7. Bd3 e6 8. 0-0 Bb7 9. Ne5 Nbd7 10. f4 Bd6 11. Bd2 0-0 12. Be1 Ne4 13. Nxe4 dxe4 14. Nxd7 Qxd7 15. Bc2 Bd5 16. g4 Rac8 17. Rf2 Rc6 18. Bb3 Rfc8 19. f5 Bxb3 20. axb3 exf5 21. gxf5 Be7 22. Kh1 Rh6 23. Qg4 Rh4 24. Qg3 Qc6 25. Bb4 Bf6 26. Bc5 Rh5 27. Rf4 Qd5 28. b4 Qb3 29. Rg4 h6 30. h4 Kh8 31. Rxa6 Qxb2 32. Rxf6 Ra8 33. Ra6 Rxa6 34. Qb8+ Kh7 35. Rxg7+ Kxg7 36. Qf8+ Kf6 37. Be7+ Kxf5 38. Qxf7+ Kg4 39. Qf4+ Kh3 40. Qf1+ Kg3 41. Qf4+ Kh3 1/2-1/2

[Event "ISR-ch"]
[Site "Ramat Gan"]
[Date "1992.??.??"]
[Round "7"]
[White "Maryasin, Boris Feliksovich"]
[Black "Avni, Amatzia"]
[Result "1-0"]
[WhiteElo "2395"]
[BlackElo "2370"]
[PlyCount "45"]
[EventDate "1992.??.??"]
[EventType "swiss"]
[EventRounds "11"]
[EventCountry "ISR"]
[SourceTitle "TD"]
[Source "ChessBase"]
[SourceDate "1994.03.01"]
[SourceVersion "1"]
[SourceVersionDate "1994.03.01"]
[SourceQuality "1"]

1. e4 c5 2. Nf3 e6 3. d4 cxd4 4. Nxd4 a6 5. Bd3 Qc7 6. 0-0 Ne7 7. f4 Nbc6 8. Be3 d5 9. Nxc6 Nxc6 10. exd5 exd5 11. Re1 Be7 12. Nc3 d4 13. Nd5 Qd8 14. Nxe7 Nxe7 15. Bd2 0-0 16. Bb4 Nc6 17. Bxf8 Qxf8 18. Qh5 g6 19. Qg5 Bd7 20. Re2 Qd6 21. Rae1 Nb4 22. Bc4 Rc8 23. Bxf7+ 1-0

[Event "ISR-chT"]
[Site "Israel"]
[Date "1991.12.14"]
[Round "1"]
[White "Avni, Amatzia"]
[Black "Kraidman, Yair"]
[Result "1-0"]
[WhiteElo "2370"]
[BlackElo "2420"]
[PlyCount "119"]
[EventDate "1991.??.??"]
[EventType "team-tourn"]
[EventCountry "ISR"]
[SourceTitle "EXT 2020"]
[Source "ChessBase"]
[SourceDate "2019.10.17"]
[SourceVersion "1"]
[SourceVersionDate "2019.10.17"]
[SourceQuality "1"]

1. d4 Nf6 2. Nf3 e6 3. e3 b6 4. Bd3 Bb7 5. c4 d5 6. Nc3 dxc4 7. Bxc4 Be7 8. 0-0 0-0 9. Qe2 c5 10. dxc5 Bxc5 11. e4 Nbd7 12. Bg5 Qc7 13. Rac1 Rac8 14. Bb5 h6 15. Bh4 Bd6 16. Rcd1 g5 17. Bg3 Bxg3 18. hxg3 Rfd8 19. Nd4 Nc5 20. e5 Nfe4 21. Nxe4 Nxe4 22. Qe3 a6 23. Ba4 b5 24. Bb3 Qxe5 25. f3 Qxg3 26. Ne2 Qe5 27. fxe4 Qxe4 28. Qf2 Qg6 29. Ng3 Rxd1 30. Bxd1 Rc7 31. Bh5 Qg7 32. Bd1 Rd7 33. Nh5 Qd4 34. Nf6+ Kf8 35. Nxd7+ Qxd7 36. Bh5 f5 37. Rd1 Qc7 38. Qd4 Bd5 39. Qh8+ Ke7 40. Qe8+ Kd6 41. Qf8+ Ke5 42. Qh8+ Kd6 43. Qxh6 Qc5+ 44. Kh1 g4 45. Qf4+ Kd7 46. Qe5 Ke7 47. Kh2 Qc4 48. Rxd5 Qxd5 49. Qxd5 exd5 50. Kg3 Kf6 51. Kf4 d4 52. Bxg4 fxg4 53. Kxg4 Ke5 54. Kf3 a5 55. Ke2 Ke4 56. Kd2 a4 57. a3 Kd5 58. Kd3 Kc5 59. g4 b4 60. axb4+ 1-0

[Event "ISR-ch"]
[Site "Rishon Le Ziyyon"]
[Date "1990.05.17"]
[Round "11"]
[White "Sabi, Yoseph"]
[Black "Avni, Amatzia"]
[Result "0-1"]
[WhiteElo "2280"]
[BlackElo "2375"]
[PlyCount "78"]
[EventDate "1990.05.06"]
[EventType "swiss"]
[EventRounds "11"]
[EventCountry "ISR"]
[SourceTitle "EXT 2020"]
[Source "ChessBase"]
[SourceDate "2019.10.17"]
[SourceVersion "1"]
[SourceVersionDate "2019.10.17"]
[SourceQuality "1"]

1. d4 Nf6 2. c4 a6 3. Nf3 c5 4. d5 b5 5. a4 Bb7 6. Bf4 bxc4 7. Nc3 Qa5 8. Bd2 Qc7 9. e4 e6 10. Bg5 exd5 11. exd5 Be7 12. Bxc4 0-0 13. 0-0 d6 14. Re1 Bd8 15. a5 Nbd7 16. h3 Ne5 17. Nxe5 dxe5 18. Qe2 Nd7 19. Bd2 Kh8 20. Na4 Qd6 21. Qd3 Bc7 22. Bc3 f5 23. f4 e4 24. Qg3 Qh6 25. Rf1 Nf6 26. Bxf6 Qxf6 27. Kh1 Bd6 28. Nb6 Rad8 29. Qc3 Qh6 30. Qe3 Bc7 31. Qxc5 Bxf4 32. Qe7 Bc8 33. Nxc8 Rxc8 34. Bxa6 Rce8 35. Qb7 Bd6 36. Qc6 f4 37. Rfe1 f3 38. Bf1 fxg2+ 39. Bxg2 Qf4 0-1

[Event "ISR-ch"]
[Site "Rishon Le Ziyyon"]
[Date "1990.05.08"]
[Round "3"]
[White "Kosashvili, Yona"]
[Black "Avni, Amatzia"]
[Result "1-0"]
[WhiteElo "2470"]
[BlackElo "2375"]
[PlyCount "59"]
[EventDate "1990.05.06"]
[EventType "swiss"]
[EventRounds "11"]
[EventCountry "ISR"]
[SourceTitle "EXT 2020"]
[Source "ChessBase"]
[SourceDate "2019.10.17"]
[SourceVersion "1"]
[SourceVersionDate "2019.10.17"]
[SourceQuality "1"]

1. e4 e6 2. d4 d5 3. Nd2 Ne7 4. Ngf3 Nd7 5. Be2 g6 6. h4 h6 7. e5 c5 8. c3 Nc6 9. Nf1 Qb6 10. Ne3 cxd4 11. cxd4 Bb4+ 12. Kf1 Qc7 13. h5 g5 14. Ng4 Be7 15. Be3 Nb6 16. Qc1 Bd7 17. Nxh6 Rxh6 18. Bxg5 Bxg5 19. Qxg5 Rh8 20. Qf6 Rf8 21. h6 Qd8 22. Qg7 Ne7 23. Bd3 Nf5 24. Bxf5 exf5 25. h7 Bb5+ 26. Kg1 Kd7 27. e6+ Kxe6 28. Ng5+ Kd7 29. Nxf7 Qe8 30. Ne5+ 1-0

[Event "ISR-ch 24th"]
[Site "Israel"]
[Date "1988.05.10"]
[Round "15"]
[White "Stepak, Yedael"]
[Black "Avni, Amatzia"]
[Result "1/2-1/2"]
[WhiteElo "2355"]
[BlackElo "2310"]
[PlyCount "23"]
[EventDate "1988.04.26"]
[EventType "tourn"]
[EventRounds "15"]
[EventCountry "ISR"]
[EventCategory "5"]
[SourceTitle "EXT 2000"]
[Source "ChessBase"]
[SourceDate "1999.11.16"]
[SourceVersion "1"]
[SourceVersionDate "1999.11.16"]
[SourceQuality "1"]

1. d4 Nf6 2. c4 e6 3. Nf3 Bb4+ 4. Bd2 c5 5. dxc5 Bxc5 6. e3 Nc6 7. Nc3 0-0 8. Be2 d5 9. cxd5 exd5 10. 0-0 d4 11. exd4 Nxd4 12. Nxd4 1/2-1/2

[Event "ISR-ch 24th"]
[Site "Israel"]
[Date "1988.05.04"]
[Round "9"]
[White "Rechlis, Gad"]
[Black "Avni, Amatzia"]
[Result "1-0"]
[WhiteElo "2475"]
[BlackElo "2310"]
[PlyCount "87"]
[EventDate "1988.04.26"]
[EventType "tourn"]
[EventRounds "15"]
[EventCountry "ISR"]
[EventCategory "5"]
[SourceTitle "EXT 2000"]
[Source "ChessBase"]
[SourceDate "1999.11.16"]
[SourceVersion "1"]
[SourceVersionDate "1999.11.16"]
[SourceQuality "1"]

1. d4 e6 2. Nf3 c5 3. g3 Nf6 4. Bg2 cxd4 5. 0-0 Nc6 6. Nxd4 Qb6 7. Nxc6 bxc6 8. c4 d5 9. Nc3 Be7 10. cxd5 cxd5 11. e4 0-0 12. exd5 Rd8 13. Be3 Qa6 14. Qb3 exd5 15. Nxd5 Nxd5 16. Bxd5 Be6 17. Bxe6 Qxe6 18. Qxe6 fxe6 19. Rad1 a5 20. Rxd8+ Rxd8 21. Rc1 a4 22. Rc4 a3 23. bxa3 Bxa3 24. Kg2 Kf7 25. Rc3 Bb2 26. Rc2 Bd4 27. Rd2 e5 28. a4 Ke6 29. f4 Rb8 30. Bxd4 exd4 31. Rxd4 Rb2+ 32. Kh3 h5 33. Rd8 Kf6 34. a5 Ra2 35. Ra8 g6 36. a6 Kf7 37. g4 hxg4+ 38. Kxg4 Ra3 39. h4 Ra5 40. a7 Kg7 41. h5 gxh5+ 42. Kh4 Ra4 43. Kxh5 Ra6 44. f5 1-0

[Event "ISR-ch 24th"]
[Site "Israel"]
[Date "1988.05.01"]
[Round "6"]
[White "Avni, Amatzia"]
[Black "Bruk, Ofer"]
[Result "1-0"]
[WhiteElo "2310"]
[BlackElo "2340"]
[PlyCount "71"]
[EventDate "1988.04.26"]
[EventType "tourn"]
[EventRounds "15"]
[EventCountry "ISR"]
[EventCategory "5"]
[SourceTitle "EXT 2000"]
[Source "ChessBase"]
[SourceDate "1999.11.16"]
[SourceVersion "1"]
[SourceVersionDate "1999.11.16"]
[SourceQuality "1"]

1. d4 d5 2. Nf3 Nf6 3. e3 g6 4. c4 Bg7 5. Nc3 0-0 6. Bd2 c5 7. dxc5 Na6 8. cxd5 Nxc5 9. Bc4 Nfe4 10. Rc1 Bg4 11. 0-0 Rc8 12. Be1 Nxc3 13. Bxc3 Bxc3 14. bxc3 Qa5 15. h3 Bxf3 16. Qxf3 Na4 17. Bb3 Nxc3 18. e4 Nb5 19. Qd3 Qb4 20. e5 Nd4 21. Bc4 Nf5 22. d6 Rcd8 23. Rb1 Qc5 24. Rb5 Qc8 25. Rc1 Qd7 26. Bd5 exd6 27. Rxb7 Qe8 28. e6 fxe6 29. Rcc7 Rf6 30. Bc6 Qf8 31. Rxh7 Rc8 32. Be4 d5 33. Bxf5 Rxf5 34. Qe3 Qf6 35. g3 Rf8 36. Qxe6+ 1-0

[Event "ISR-ch"]
[Site "Israel"]
[Date "1984.??.??"]
[Round "?"]
[White "Birnboim, Nathan"]
[Black "Avni, Amatzia"]
[Result "1-0"]
[WhiteElo "2440"]
[BlackElo "2225"]
[PlyCount "43"]
[EventDate "1984.??.??"]
[EventType "tourn"]
[EventRounds "15"]
[EventCountry "ISR"]
[EventCategory "5"]
[SourceTitle "MCD"]
[Source "ChessBase"]
[SourceDate "1999.07.01"]
[SourceVersion "1"]
[SourceVersionDate "1999.07.01"]
[SourceQuality "1"]

1. d4 Nf6 2. c4 g6 3. Nf3 Bg7 4. g3 0-0 5. Bg2 d5 6. cxd5 Nxd5 7. 0-0 Nc6 8. e4 Nb6 9. d5 Nb8 10. Nc3 c6 11. Re1 Re8 12. Bg5 h6 13. Bf4 cxd5 14. exd5 Na6 15. Ne5 Bf5 16. Qf3 h5 17. h3 Qc8 18. Rac1 Bxh3 19. Nb5 Bxg2 20. Kxg2 Qf5 21. d6 f6 22. Nd4 1-0

[Event "ISR-ch"]
[Site "Israel"]
[Date "1984.??.??"]
[Round "?"]
[White "Bruk, Ofer"]
[Black "Avni, Amatzia"]
[Result "1/2-1/2"]
[WhiteElo "2325"]
[BlackElo "2225"]
[PlyCount "21"]
[EventDate "1984.??.??"]
[EventType "tourn"]
[EventRounds "15"]
[EventCountry "ISR"]
[EventCategory "5"]
[SourceTitle "MCD"]
[Source "ChessBase"]
[SourceDate "1999.07.01"]
[SourceVersion "1"]
[SourceVersionDate "1999.07.01"]
[SourceQuality "1"]

1. Nf3 Nf6 2. c4 g6 3. g3 Bg7 4. Bg2 0-0 5. 0-0 d6 6. d4 c6 7. Nc3 Bg4 8. h3 Bxf3 9. Bxf3 Nbd7 10. b3 e5 11. e3 1/2-1/2

[Event "ISR-ch"]
[Site "Israel"]
[Date "1984.??.??"]
[Round "?"]
[White "Greenfeld, Alon"]
[Black "Avni, Amatzia"]
[Result "1-0"]
[WhiteElo "2470"]
[BlackElo "2225"]
[PlyCount "59"]
[EventDate "1984.??.??"]
[EventType "tourn"]
[EventRounds "15"]
[EventCountry "ISR"]
[EventCategory "5"]
[SourceTitle "MCD"]
[Source "ChessBase"]
[SourceDate "1999.07.01"]
[SourceVersion "1"]
[SourceVersionDate "1999.07.01"]
[SourceQuality "1"]

1. Nf3 Nf6 2. c4 g6 3. Nc3 Bg7 4. e4 0-0 5. d4 d6 6. Be2 Bg4 7. Be3 Nfd7 8. Ng1 Bxe2 9. Ngxe2 e5 10. d5 f5 11. Qc2 Nb6 12. b3 c6 13. Rd1 c5 14. f3 Nc8 15. 0-0 f4 16. Bc1 h5 17. g3 g5 18. gxf4 gxf4 19. Kh1 Ne7 20. Rg1 Rf6 21. Rg5 Rg6 22. Rdg1 Kf7 23. Bxf4 Bf6 24. Rxg6 Nxg6 25. Bc1 Qd7 26. Ng3 Na6 27. Nf5 Ne7 28. Qg2 Nxf5 29. Qg6+ Ke7 30. exf5 1-0

[Event "Biel-14 MTO op"]
[Site "Biel"]
[Date "1981.07.??"]
[Round "1"]
[White "Avni, Amatzia"]
[Black "Arapovic, Vitomir"]
[Result "1-0"]
[WhiteElo "2220"]
[BlackElo "2380"]
[PlyCount "103"]
[EventDate "1981.07.??"]
[EventType "swiss"]
[EventRounds "11"]
[EventCountry "SUI"]
[SourceTitle "EXT 1999"]
[Source "ChessBase"]
[SourceDate "1998.11.16"]
[SourceVersion "1"]
[SourceVersionDate "1998.11.16"]
[SourceQuality "1"]

1. d4 g6 2. e4 Bg7 3. Nf3 d6 4. Bc4 Nf6 5. Qe2 0-0 6. 0-0 Bg4 7. c3 c6 8. Bb3 a5 9. Nbd2 Na6 10. h3 Bxf3 11. Nxf3 Nd7 12. Bg5 h6 13. Bh4 Nc7 14. Rad1 a4 15. Bc2 Re8 16. a3 Nf8 17. Nh2 Qd7 18. f4 e6 19. e5 Nd5 20. Ng4 b5 21. Qd2 h5 22. Nf2 f5 23. exf6 Bxf6 24. Bg5 Re7 25. Ne4 Rf7 26. Rde1 Bg7 27. Ng3 Ra7 28. Qd1 c5 29. dxc5 dxc5 30. Qb1 h4 31. Ne4 Qc6 32. Nd2 b4 33. cxb4 cxb4 34. Bxg6 Rfb7 35. Qe4 bxa3 36. bxa3 Qc5+ 37. Kh1 Nc3 38. Qc2 Qxa3 39. f5 Rc7 40. fxe6 Ne2 41. Rxf8+ Qxf8 42. e7 Rxc2 43. exf8Q+ Bxf8 44. Bxc2 Ng3+ 45. Kg1 Bc5+ 46. Be3 Re7 47. Kf2 Bb4 48. Rd1 a3 49. Nf3 Rc7 50. Bb3+ Kg7 51. Nxh4 Ne4+ 52. Kf3 1-0